000 00300nam a22001217a 4500
008 160504b xxu||||| |||| 00| 0 eng d
020 _a9781581101942
020 _a1581101945
041 _aeng
080 _a61
245 _aRed book:
_cKarry K. Baker; Carol J. Baker; Sarah S. Long;
942 _2udc
_cBK
999 _c1764
_d1764